[Event "Liptovsky Mikulas Liptov op 22nd"]
[Site "Liptovsky Mikulas"]
[Date "2005.09.01"]
[Round "5"]
[White "Gregor, Michal"]
[Black "Orgon, Dusan"]
[Result "1/2-1/2"]
[WhiteElo "2099"]
[BlackElo "2122"]
[PlyCount "115"]
[EventDate "2005.08.29"]
[EventType "swiss"]
[EventRounds "9"]
[EventCountry "SVK"]
[SourceTitle "EXT 2008"]
[Source "ChessBase"]
[SourceDate "2007.11.25"]
[SourceVersion "1"]
[SourceVersionDate "2007.11.25"]
[SourceQuality "1"]

1. e4 d5 2. exd5 Qxd5 3. Nc3 Qd6 4. d4 Nf6 5. Bd3 Bg4 6. Nge2 e6 7. f3 Bh5 8. Ne4 Nxe4 9. Bxe4 c6 10. 0-0 Bg6 11. Bf4 Qd7 12. c3 Bd6 13. Qb3 Bxf4 14. Nxf4 0-0 15. Nd3 Qc7 16. Bxg6 hxg6 17. Nc5 b6 18. Ne4 Nd7 19. f4 c5 20. Rad1 Nf6 21. Nxf6+ gxf6 22. d5 exd5 23. Qxd5 Rad8 24. Qf3 Rxd1 25. Rxd1 Rd8 26. g3 Qe7 27. Rxd8+ Qxd8 28. Kf2 Qd2+ 29. Qe2 Qd5 30. a3 Kg7 31. h4 c4 32. Qf3 Qd2+ 33. Qe2 Qc1 34. Kf3 b5 35. Ke4 Qh1+ 36. Ke3 a5 37. Qf2 Qd1 38. Qd2 Qg1+ 39. Qf2 Qb1 40. Qd2 Qf5 41. Kf3 Qb1 42. Ke3 Kh6 43. Kf2 Qf5 44. Kg2 Qe4+ 45. Kf2 Qf5 46. Kg2 a4 47. Kf3 Kh5 48. Kf2 Qd3 49. Qe2+ Qxe2+ 50. Kxe2 Kg4 51. Kf2 g5 52. hxg5 fxg5 53. fxg5 Kxg5 54. Kf3 f5 55. Kf2 Kg4 56. Kg2 Kh5 57. Kf2 Kg4 58. Kg2 1/2-1/2

[Event "SVK-ch"]
[Site "Trencianske Teplice"]
[Date "2005.??.??"]
[Round "9"]
[White "Skreno, Vladimir"]
[Black "Gregor, Michal"]
[Result "1/2-1/2"]
[WhiteElo "2176"]
[BlackElo "2099"]
[PlyCount "30"]
[EventDate "2005.07.03"]
[EventType "swiss"]
[EventRounds "9"]
[EventCountry "SVK"]
[SourceTitle "EXT 2007"]
[Source "ChessBase"]
[SourceDate "2006.11.23"]
[SourceVersion "1"]
[SourceVersionDate "2006.11.23"]
[SourceQuality "1"]

1. d4 d5 2. Nf3 Nf6 3. c4 c6 4. cxd5 cxd5 5. Nc3 Nc6 6. e3 e6 7. Bd2 Bd6 8. Rc1 0-0 9. a3 Bd7 10. b4 a6 11. Be2 Na7 12. Qb3 b5 13. 0-0 Qe7 14. Ne1 Ne4 15. Rc2 Nc8 1/2-1/2